000 00877nam a22002657a 4500
001 BR7300590
003 BR-BrBNA
005 20230928095636.0
007 ta
008 230509b bl.||||| |||| 00| 0 por d
040 _aBR-BrBNA
_bpor
_cBiblioteca Nacional de Agricultura
041 _a(Por)
072 _aE10; E30
_b2120
090 _ 2120 BR7300590
110 1 _aInstituto Brasileiro do Cafe, Rio de Janeiro, GB (Brasil). Depto. de Assistencia a Cafeicultura
_95859
110 1 _aGrupo Executivo de Racionalizacao da Cafeicultura, Rio de Janeiro, GB (Brasil)
_95495
245 1 _aPrograma de diversificacao economica das regioes cafeeiras
260 3 _aRio de Janeiro, GB (Brasil):
_c1967.
300 _avp.
650 _aDesenvolvimento Agricola
650 _aCafe
650 _aDiversificacao de Cultura
909 _a202309
_bLucia
_c55
_dLucia Elande
942 _cBK
999 _c57814
_d57814